=LDR 00000nam 2200000 4500 =001 INLIS000000000011663 =005 20130612103216 =008 ***********************************Ind** =035 ##$$0010-061300000011663 =041 ##$$a Ind =082 ##$$a 712.5 =090 ##$$a 712.5, Kus =100 ##$$a Kusuma, E.Jaspan =245 ##$$a Pesona Taman Castus taman Kami Indonesia Indah, E.Jaspan Kusuma =260 ##$$a 1985 $b Jakarta =300 ##$$a 63 hlm., Ilus, 21 cm =650 ##$$a Taman =850 ##$$a NBPNMAT